| 000 | 01000nam0a22002411 4500 | ||
|---|---|---|---|
| 001 | rc\4157116 | ||
| 005 | 20250611005035.0 | ||
| 035 | _a(NLR Aleph) 007994088 | ||
| 090 |
_a8597969 _c8597969 |
||
| 100 | _a20130415d1951 |||y0rusy50 ca | ||
| 101 | 0 | _arus | |
| 102 | _aRU | ||
| 105 | _ay z |||h| | ||
| 200 | 1 |
_aИдеи И.П. Павлова в клинической медицине _e(К 15-летию со дня смерти) _eРечь, чит. на заседании Учен. сов. Воен.-мед. акад. им. С.М. Кирова 26 февр. 1951 г. _fВоен.-мед. акад. им. С.М. Соколова |
|
| 210 |
_aЛенинград _cБ. и. _d1951 |
||
| 215 |
_a16 с. _d21 |
||
| 700 | 1 |
_7ca _8rus _aСавицкий _bН. Н. _cд-р мед. наук _f1892-1984 _gНиколай Николаевич _9227254 _3RU\NLR\AUTH\770227310 |
|
| 801 | 0 |
_aRU _bNLR _gpsbo |
|
| 801 | 1 |
_aRU _bELAR _2rusmarc |
|
| 852 |
_aNLR _jМд30 Г-4/461 |
||
| 942 | _cBOOK | ||
| 980 | _aNB | ||